Suplementación de vacunos : cuadernos de actualización técnica nº 53 /
Guardado en:
| Autor Principal: | |
|---|---|
| Formato: | Libro |
| Publicado: |
Buenos Aires :
Aacrea,
1994
|
| Materias: | |
| Etiquetas: |
Agregar Etiqueta
Sin Etiquetas, Sea el primero en etiquetar este registro!
|
| LEADER | 01096nam a22002175a 4500 | ||
|---|---|---|---|
| 001 | CEM.cems016797 | ||
| 005 | 20111108112942.0 | ||
| 008 | 130507s1994##################000#0#####d | ||
| 003 | CEMS | ||
| 082 | 0 | 4 | |a 636.085 |
| 100 | 1 | |a Lafontaine, Juan Adolfo | |
| 245 | 1 | 0 | |a Suplementación de vacunos : |b cuadernos de actualización técnica nº 53 / |c Juan Adolfo Lafontaine |
| 260 | |a Buenos Aires : |b Aacrea, |c 1994 | ||
| 300 | |a 91 p. | ||
| 505 | 0 | |a Suplementación en sistemas de producción de carne -- Aspectos conceptuales e implicancias prácticas -- Efecto de la calidad del forraje básico -- Corrección de problemas nutricionales de otoño -- Producción ganadera durande los meses calurosos -- Suplementación para prevención de hipomagnesemia -- Suplementación en cría -- Tabla de alimentos de importancia | |
| 653 | |a Vacunos-nuitrición | ||
| 653 | |a Nutrición animal | ||
| 653 | |a Nutrición de rumiantes | ||
| 653 | |a Composición forrajera-tabla | ||
| 859 | |a CEMS |b BIB. CEMS - Agricultura |h 636.085 |i L133 |p A0394.02 |t Ej.2 | ||
| 859 | |a CEMS |b BIB. CEMS - Agricultura |h 636.085 |i L133 |p A18246.95 |t Ej.1 | ||
